Lendas e personagens (Record no. 178517)

MARC details
000 -LÍDER
campo de controle de tamanho fixo 00350 a2200157 4500
001 - NÚMERO DE CONTROLE
campo de controle 178517
020 ## - ISBN - INTERNATIONAL STANDARD BOOK NUMBER
ISBN - International Standard Book Number
040 ## - FONTE DA CATALOGAÇÃO
Instituição que transcreveu o registro Magnum
100 ## - ENTRADA PRINCIPAL--NOME PESSOAL
Nome pessoal Rosa, Santa Schilaro Nereide
240 10 - TÍTULO UNIFORME
Título uniforme Lendas e personagens
Idioma da obra por
245 10 - TÍTULO
Título Lendas e personagens
362 0# - DATAS DE PUBLICAÇÃO E/OU DESIGNAÇÃO SEQUENCIAL
Datas de publicação e/ou designação sequencial 1899
440 #1 - DECLARAÇÃO DE SÉRIE/ENTRADA ADICIONADA--TÍTULO
Título Moderna
697 ## - ENTRADA DE ASSUNTO LOCAL--ENTIDADE COLETIVA (RLIN)
Nome corporativo ou nome da jurisdição MAGNITO: IJ/LENDAS, FOLCLORE
942 ## - ELEMENTOS DE ENTRADA ADICIONADOS (KOHA)
Tipo de material Koha Livros
Holdings
Situação do descarte Situação das perdas Situação física Não pode ser emprestado Biblioteca de origem Biblioteca atual Data de aquisição Total de empréstimos Número de chamada completo Código de barras Data de último acesso Data do preço efetivo Tipo de material Koha Fonte da classificação ou esquema de arquivamento na estante Nota pública
        Magnum Magnum 08/06/2024   LI.06425 MAG00027965 08/06/2024 08/06/2024 Livros    
        Novo Tempo - Aureliano São José Novo Tempo - Aureliano São José 03/07/2024     if568 03/07/2024 03/07/2024 Livros Classificação Decimal de Dewey L
        Novo Tempo - Aureliano São José Novo Tempo - Aureliano São José 03/07/2024     if569 03/07/2024 03/07/2024 Livros Classificação Decimal de Dewey L
        Novo Tempo - Aureliano São José Novo Tempo - Aureliano São José 03/07/2024     if570 03/07/2024 03/07/2024 Livros Classificação Decimal de Dewey L
        Novo Tempo - Aureliano São José Novo Tempo - Aureliano São José 03/07/2024     if571 03/07/2024 03/07/2024 Livros Classificação Decimal de Dewey L